Normal view
MARC view
Entry Personal Name
001 - CONTROL NUMBER
- control field: 1165059
003 - CONTROL NUMBER IDENTIFIER
- control field: OSt
005 - DATE AND TIME OF LATEST TRANSACTION
- control field: 20260324122103.0
008 - FIXED-LENGTH DATA ELEMENTS
- fixed length control field: 260324|| aca||aabn | a|a d
040 ## - CATALOGING SOURCE
- Original cataloging agency: OSt
- Transcribing agency: OSt
100 ## - HEADING--PERSONAL NAME
- Personal name: Andreas Pyka; Hans-Peter Burghof
670 ## - SOURCE DATA FOUND
- Source citation: Work cat.: (OSt)1757552: Andreas Pyka; Hans-Peter Burghof, Innovation and Finance
